[Event "Champions Chess Tour AI Cup 2023"]
[Site "Chess.com"]
[Date "2023.09.25"]
[Round "1"]
[White "Firouzja, Alireza"]
[Black "Vachier Lagrave, Maxime"]
[Result "0-1"]
[WhiteElo "2815"]
[BlackElo "2778"]
[EventDate "2023.??.??"]
[Annotator "rafael"]
[PlyCount "80"]
[Beauty "7629631689258"]
[EventType "team-tourn"]
[TimeControl "900+3"]

{[%evp 0,80,26,18,44,53,50,50,46,30,32,33,46,46,38,18,25,11,19,3,3,3,3,-3,-3,-5,24,-18,-23,-25,-17,-16,28,-7,42,32,36,31,11,14,0,16,24,18,29,29,47,47,32,28,35,17,17,0,0,0,-15,0,0,-61,-64,-84,-33,-33,29,-48,-88,-108,-141,-114,-70,-83,-79,-124,-138,-138,-138,-170,-103,-181,-160,-29993,-29994]} 
1.e4 c5 2.Nf3 d6 3.d4 cxd4 4.Nxd4 Nf6 5.Nc3 a6 6.Bg5 e6 7.f4 Qb6 {The Poisoned Pawn Variation of the Najdorf was Fischer's and Kasparov's favorite. Computers are not capable of proving an advantage for White, but it takes courage and a good memory to play this line with Black, qualities that Vachier-Lagrave certainly isn't lacking.} 8.Nb3 {What should we call this: an Anti-Poisoned Pawn Variation $2} ( 8.Qd2 Qxb2 {has been tested in thousands of games, including one victory for Spassky against Fischer in the Match of the Century.} ) 8...Nbd7 9.Qe2 {The development of the white queen on e2 is a relatively recent invention, and many players now prefer this square and not the old but also pleasant f3.} 9...Qc7 10.O-O-O b5 11.a3 Be7 12.Kb1 {All these moves are very natural for both sides. Being the greatest living expert on the Najdorf, Vachier-Lagrave should have all this very well prepared.} 12...Rb8 $1 {[%c_effect b8;square;b8;type;GreatFind;persistent;true] Preparing the typical pawn break with b5-b4.} ( 12...Bb7 {The Frenchman chose this move last year, but White gained a dangerous initiative after} 13.Qe1 Rc8 14.Bd3 Nc5 15.Nxc5 dxc5 16.e5 {in Maghsoodloo-Vachier Lagrave, EU-Cup Mayrhofen 2022.} ) 13.Qe1 $1 {[%c_effect e1;square;e1;type;GreatFind;persistent;true] Excellent prophylaxis.} ( 13.g4 {is not convincing:} 13...b4 14.axb4 Rxb4 {with good counterplay for Black.} ) 13...Bb7 ( 13...b4 $2 {[%c_effect b4;square;b4;type;Mistake;persistent;true] This move doesn't work now:} 14.axb4 Rxb4 15.Nd5 $1 {[%c_effect d5;square;d5;type;GreatFind;persistent;true] The role of the queen on e1 becomes clear.} ) 14.Bd3 h6 15.Bh4 Nc5 {All this has been played before. The theory of the Najdorf goes very deep, especially in the 6.Bg5 variation.} 16.f5 {An interesting move, played in a correspondence game.} ( 16.Nxc5 {doesn't give White much:} 16...dxc5 17.e5 Nd5 18.Nxd5 Bxd5 19.Bxe7 Qxe7 20.Be4 b4 {with good counterplay for Black in Nepomniachtchi-Giri, Carlsen Inv KO (rapid) 2021.} ( 20...Bxe4 {is also possible:} 21.Qxe4 O-O 22.Rd6 b4 ) ) 16...exf5 ( 16...Nxd3 17.Rxd3 O-O {is the continuation favored by the computer. No wonder it was played in the email game mentioned before. This game, unsurprisingly, ended in a draw: De Andres Senra-Boudey, EU-ch email 2020.} ) 17.Nxc5 ( 17.exf5 O-O 18.Nxc5 dxc5 {transposes to the game.} ) 17...dxc5 18.exf5 {White has an interesting alternative:} ( 18.Nd5 $5 {[%c_effect d5;square;d5;type;Interesting;persistent;true] Black needs to walk a tightrope, but eventually escapes.} 18...Bxd5 19.exd5 O-O 20.d6 $1 {[%c_effect d6;square;d6;type;GreatFind;persistent;true]} 20...Bxd6 ( 20...Qxd6 $2 {[%c_effect d6;square;d6;type;Mistake;persistent;true] loses to} 21.Bxf5 Qc7 22.Bg3 {picking up the b8-rook.} ) 21.Bxf6 gxf6 22.Qh4 Bf4 $1 {[%c_effect f4;square;f4;type;GreatFind;persistent;true] although the position looks dangerous, the machine shows that Black can hold.} ) 18...O-O 19.Bxb5 $1 {[%c_effect b5;square;b5;type;GreatFind;persistent;true] Both players are up to the challenge.} ( 19.Bg3 {leaves White empty-handed after} 19...Bd6 ) 19...Bxg2 ( 19...axb5 {is a good alternative, although very hard to find without the computer's help.} 20.Bg3 Qc6 21.Qxe7 ( 21.Bxb8 $2 {[%c_effect b8;square;b8;type;Mistake;persistent;true] The point is that this obvious move gives Black a winning initiative after} 21...Re8 $1 {[%c_effect e8;square;e8;type;GreatFind;persistent;true] for instance:} 22.Bg3 b4 {The attack more than compensates for the exchange.} ) 21...Rfe8 22.Qd6 Rbc8 {The activity of the pieces compensates for the missing pawn.} ) 20.Rg1 axb5 21.Rxg2 b4 22.Ne4 $1 {[%c_effect e4;square;e4;type;GreatFind;persistent;true] The best chance.} ( 22.Bxf6 Bxf6 23.Nd5 Qd6 {offers no advantage for White.} ) 22...Nxe4 ( 22...Qe5 {is also possible:} 23.Nxf6+ Bxf6 24.Qxe5 Bxe5 {with a roughly equal position.} ) 23.Qxe4 Bxh4 24.Qxh4 Kh7 ( 24...f6 {is possible, avoiding the advance of White's pawn. But after} 25.a4 {it's still possible for the first player to fight for a win.} ) 25.f6 g6 26.Rd3 {Preparing the queen sacrifice on h6. The position looks really dangerous, but Black can survive with a series of forced moves.} 26...Qe5 $1 {[%c_effect e5;square;e5;type;GreatFind;persistent;true]} 27.Rh3 ( 27.Rxg6 {is not enough for the advantage:} 27...Kxg6 ( 27...fxg6 $2 {[%c_effect g6;square;g6;type;Mistake;persistent;true]} 28.Rd7+ ) 28.Rg3+ Qxg3 ( 28...Qg5 {is also possible.} ) ( 28...Kf5 $2 {[%c_effect f5;square;f5;type;Mistake;persistent;true]} 29.Rf3+ Ke6 ( 29...Kg6 30.Qg4+ Qg5 31.Qe4+ Kh5 32.Rh3+ {followed by mate.} ) 30.Qh3+ Kd6 31.Rd3+ Kc6 32.Qd7+ Kb6 33.Rd6+ {and White wins.} ) 29.Qxg3+ Kxf6 {with a likely draw.} ) 27...h5 28.Rg5 Qe2 $1 {[%c_effect e2;square;e2;type;GreatFind;persistent;true]} 29.Qf4 $2 {[%c_effect f4;square;f4;type;Mistake;persistent;true] Probably frustrated at having come so close to mate, Firouzja makes a serious mistake.} ( 29.Rxh5+ {finishes the game with a pretty draw by perpetual check:} 29...gxh5 30.Qg5 Qf1+ $1 {[%c_effect f1;square;f1;type;GreatFind;persistent;true]} 31.Ka2 Qc4+ 32.Kb1 Qf1+ ) 29...Qe1+ $1 {[%c_effect e1;square;e1;type;GreatFind;persistent;true]} 30.Ka2 ( 30.Qc1 Rfe8 {is also very bad for White. Usually when an attack goes wrong, the endgame is bad because you create weaknesses trying to attack.} ) 30...Qe6+ 31.Rb3 c4 $2 {[%c_effect c4;square;c4;type;Mistake;persistent;true]} ( {The simple} 31...bxa3 {opens lines to decisively attack White's king.} ) 32.Rbg3 $2 {[%c_effect g3;square;g3;type;Mistake;persistent;true] White is back in the game after} ( 32.Rxb4 Rxb4 33.axb4 c3+ 34.Kb1 {it seems Black has no more than a draw.} ) ( 32.Re3 {is also playable:} 32...b3+ 33.cxb3 cxb3+ 34.Kb1 ) 32...b3+ 33.cxb3 cxb3+ 34.Kb1 {Now the queen can move forward on the e-file, and the game is over.} 34...Qe1+ ( 34...Qe2 {is also good.} ) 35.Qc1 Rfe8 36.Rc3 Qe4+ 37.Ka1 Rbc8 $1 {[%c_effect c8;square;c8;type;GreatFind;persistent;true] Using the theme of the back-rank mate.} 38.Rg1 ( 38.Rxc8 Rxc8 39.Qxc8 Qe1+ ) 38...Qd4 ( 38...Rxc3 39.Qxc3 Qd5 {followed by ...Re2 and a decisive advantage.} ) 39.Rgg3 ( 39.Qd1 {is the only chance.} ) 39...Rxc3 40.bxc3 ( 40.Rxc3 Qf2 ) 40...Qf2 {Threatening mate on a2 and also a rook invasion on e1.} 0-1

[Event "Champions Chess Tour AI Cup 2023"]
[Site "Chess.com"]
[Date "2023.09.26"]
[Round "51"]
[White "Nakamura, Hikaru"]
[Black "Giri, Anish"]
[Result "0-1"]
[WhiteElo "2786"]
[BlackElo "2700"]
[EventDate "2023.??.??"]
[Annotator "rafael"]
[PlyCount "58"]
[Beauty "8250363770896"]
[EventType "team-tourn"]
[TimeControl "900+3"]

1.b3 d5 2.Bb2 c5 3.e3 Nf6 4.f4 $6 {[%c_effect f4;square;f4;type;Inaccuracy;persistent;true] At the risk of earning the enmity of Dutch Defense supporters, I have to say that I'm not a big fan of advancing the f-pawn in the opening.} ( 4.Nf3 {leads to a Queen's Indian with a tempo up for White.} ) 4...g6 $1 {[%c_effect g6;square;g6;type;GreatFind;persistent;true] This is the best development to demonstrate the problems of White's opening.} 5.Bb5+ Bd7 6.Bxd7+ Qxd7 7.Nf3 Bg7 8.Qe2 O-O 9.d3 $6 {[%c_effect d3;square;d3;type;Inaccuracy;persistent;true] This move makes things worse.} ( 9.O-O Nc6 10.Ne5 {with only a slight advantage for Black.} ) 9...Nc6 10.Nbd2 d4 $1 {[%c_effect d4;square;d4;type;GreatFind;persistent;true]} 11.e4 b5 {Something went very wrong with White's play. Black has a clear advantage. The b2-bishop doesn't make a good impression.} 12.O-O Ng4 $1 {[%c_effect g4;square;g4;type;GreatFind;persistent;true] The knight heads to the delicious e3-square.} 13.Rfe1 Bh6 14.g3 e5 $1 {[%c_effect e5;square;e5;type;GreatFind;persistent;true]} 15.fxe5 ( 15.f5 {is the best chance to create some confusion, although Black is much better after} 15...gxf5 16.Nh4 fxe4 17.dxe4 Ne3 ) 15...Rae8 {A natural move, bringing the rook into the game. The computer indicates an intricate winning method with 15...f5.} ( 15...f5 $1 {[%c_effect f5;square;f5;type;GreatFind;persistent;true] opens the kingside and grants Black a winning attack.} 16.exf5 ( 16.exf6 Rxf6 {followed by ...Raf8} ) 16...Be3+ 17.Kg2 Bxd2 18.Nxd2 ( 18.Qxd2 Qxf5 {the f-file proves decisive.} ) 18...Ncxe5 {with a total destruction of White's position.} ) 16.a4 a6 {A solid move. There's a more incisive option available.} ( 16...Be3+ 17.Kg2 Ncxe5 18.axb5 ( 18.Nxe5 Rxe5 19.axb5 Rh5 $1 {[%c_effect h5;square;h5;type;GreatFind;persistent;true]} 20.Nf1 f5 $1 {[%c_effect f5;square;f5;type;GreatFind;keyPressed;undefined;persistent;true] All of Black's pieces take part in the attack.} ) 18...Bxd2 19.Nxe5 Rxe5 $1 {[%c_effect e5;square;e5;type;GreatFind;persistent;true]} 20.Qxd2 Rh5 21.h4 f5 {The bishop on b2 is the symbol of White's problems.} ) 17.axb5 axb5 18.Bc1 ( 18.Ba3 {is a better chance.} ) 18...Be3+ 19.Kg2 Nf2 ( 19...f5 $1 {[%c_effect f5;square;f5;type;GreatFind;persistent;true] is again a sophisticated path to victory.} 20.exf5 ( 20.exf6 Rxf6 21.Rf1 Nb4 ) 20...gxf5 $1 {[%c_effect f5;square;f5;type;GreatFind;persistent;true] a counterintuitive move, closing the f-file but taking the e4-square away from the knight. The queen comes to d5 sooner or later to decide the game.} ) ( 19...Ncxe5 {is also good.} ) 20.Ng1 $2 {[%c_effect g1;square;g1;type;Mistake;persistent;true]} ( 20.Nf1 $1 {[%c_effect f1;square;f1;type;GreatFind;persistent;true] is the only chance. Needless to say, it's scary to let the black queen go to h3.} 20...Qh3+ 21.Kg1 Nxd3+ 22.Nxe3 Nxe1 23.Ng5 $1 {[%c_effect g5;square;g5;type;GreatFind;persistent;true] Black needs to play some accurate moves now.} 23...Qh5 $1 {[%c_effect h5;square;h5;type;GreatFind;persistent;true]} 24.Ng4 Kg7 $1 {[%c_effect g7;square;g7;type;GreatFind;persistent;true]} 25.Nxh7 $1 {[%c_effect h7;square;h7;type;GreatFind;persistent;true]} 25...d3 $1 {[%c_effect d3;square;d3;type;GreatFind;persistent;true]} ( 25...Qxh7 $2 {[%c_effect h7;square;h7;type;Mistake;persistent;true]} 26.Bh6+ ) 26.Qxe1 ( 26.cxd3 Nd4 {wins.} ) 26...Qxg4 27.Nf6 Qf3 28.Qd2 Nxe5 29.Nxe8+ Rxe8 30.Bb2 dxc2 31.Qxc2 {Maybe I went too far in this line, but one gets carried away analyzing crazy variations sometimes. Black has a clear advantage, but many things could happen before this position arrives on the board.} ) 20...Nxe5 21.Nf1 Bxc1 22.Raxc1 {Now Giri executes a brilliant combination to wrap-up the game.} 22...f5 $3 {[%c_effect f5;square;f5;type;Brilliant;persistent;true] Everything is working for Black after this sacrifice.} 23.Qxf2 fxe4 24.Qd2 ( 24.Qe2 {doesn't change anything. Black wins by either taking the pawn on d3 or advancing his pawn to e3.} 24...e3 ( 24...exd3 25.cxd3 Ng4 {wins as well.} ) 25.Nxe3 dxe3 26.Qxe3 {A possible winning line follows:} 26...Ng4 27.Qxc5 Qb7+ 28.Kh3 Rxe1 29.Rxe1 Nf2+ 30.Kh4 Qd7 {White's king will soon perish.} ) 24...e3 25.Nxe3 Qc6+ 26.Kh3 dxe3 27.Rxe3 Qe6+ 28.Kg2 Qd5+ {A nice queen triangulation.} 29.Kh3 ( 29.Re4 Nxd3 $1 {[%c_effect d3;square;d3;type;GreatFind;persistent;true]} 30.cxd3 Rxe4 {wins material.} ) 29...Ng4 $1 {[%c_effect g4;square;g4;type;GreatFind;persistent;true]} ( 29...Ng4 30.Rxe8 Qh5+ 31.Kg2 Qxh2# ) 0-1

[Event "Champions Chess Tour AI Cup 2023"]
[Site "Chess.com"]
[Date "2023.09.28"]
[Round "54"]
[White "Vachier Lagrave, Maxime"]
[Black "Nepomniachtchi, Ian"]
[Result "1-0"]
[WhiteElo "2834"]
[BlackElo "2850"]
[EventDate "2023.??.??"]
[Annotator "rafael"]
[PlyCount "103"]
[Beauty "6877316385289"]
[EventType "team-tourn"]
[TimeControl "900+3"]

{[%evp 0,103,24,21,21,22,22,29,29,26,21,21,21,5,21,-15,14,14,17,4,30,-41,21,2,2,-1,-1,-21,3,-46,-11,-8,16,1,5,14,5,20,20,-22,-8,-11,0,0,14,20,16,22,22,4,51,49,40,29,27,17,17,17,28,30,59,64,63,55,62,49,104,77,130,130,136,146,146,146,146,128,128,133,133,67,98,91,163,160,165,165,179,207,329,349,348,354,378,306,306,312,334,338,344,344,349,357,385,395,396,400]} 
1.e4 e5 2.Nf3 Nf6 3.Nxe5 d6 4.Nd3 {The rarest of the knight retreats in this position of the Petroff Defense. White's idea is to exchange queens and press an endgame that is close to equality. Honestly, it's a choice closer to Carlsen's style than Vachier-Lagrave's, but the French GM will show that he can play technical endgames with the same skill he plays dynamic middlegames.} 4...Nxe4 5.Qe2 Qe7 6.Nf4 Nf6 7.d4 Qxe2+ 8.Bxe2 {Examining the results of the games played by strong grandmasters in this position, I get the impression that White's performance is much better than the computer's evaluation indicates. This shows that it's not so simple to defend the endgame.} 8...Nc6 9.c3 d5 10.f3 {A useful move, freeing the f2-square for the king and taking the e4-square from Black's knight.} 10...Nd8 $1 {[%c_effect d8;square;d8;type;GreatFind;persistent;true] An excellent move. The knight is not doing much on c6, so it's repositioned and the pawn moves to the square, reinforcing the center.} 11.Kf2 {Already a new move.} ( 11.g4 Ne6 12.h4 Bd6 13.Nxe6 Bxe6 {with a good position for Black in Deac-Li, Changsha 2019.} ) 11...Bd6 12.Na3 c6 ( 12...Bxa3 $2 {[%c_effect a3;square;a3;type;Mistake;persistent;true] is a big positional mistake. The bishop is much more important than the supposed weakness in White's pawn structure.} 13.bxa3 ) 13.Nc2 Bf5 ( 13...Ne6 {also leads to an equal position.} ) 14.Nd3 h5 {It's not clear that this move is better than the more timid pawn advance to h6.} ( 14...h6 ) 15.Bg5 ( 15.h4 {is interesting, fixing the kingside structure.} ) 15...Nd7 {Black doesn't need to be too worried about the capture on f6.} ( 15...Ne6 16.Bxf6 gxf6 {despite the damaged pawn structure, Black is active enough.} ) ( 15...h4 {is also possible.} ) 16.Ne3 Bh7 17.Bf4 Ke7 18.Bxd6+ Kxd6 19.Nf4 h4 20.g3 {White tries to open the h-file to put pressure on the kingside.} 20...g5 21.Nfg2 {A critical moment.} 21...h3 $6 {[%c_effect h3;square;h3;type;Inaccuracy;persistent;true] This move creates long-term problems for Black, as the h3-pawn becomes a weakness that will be a constant headache. There are two good alternatives.} ( 21...Ne6 {is an interesting pawn sacrifice:} 22.gxh4 gxh4 23.Nxh4 Nf4 {with good compensation.} ) ( 21...hxg3+ {is a more solid choice that is also better than the move played in the game.} 22.hxg3 Ne6 ) 22.Ne1 Ne6 23.Bd3 $1 {[%c_effect d3;square;d3;type;GreatFind;persistent;true] Controlling the f5-square.} 23...Raf8 ( 23...Ng7 $1 {[%c_effect g7;square;g7;type;GreatFind;persistent;true] is a better defense, preventing a white piece from going to f5.} ) 24.Bf5 ( 24.Bxh7 {is also possible:} 24...Rxh7 25.Nf5+ Kc7 26.Nd3 {And White has an advantage.} ) 24...Bg8 $6 {[%c_effect g8;square;g8;type;Inaccuracy;persistent;true] Not all ugly moves are bad, but this one is. It's better to capture the bishop.} ( 24...Bxf5 25.Nxf5+ Kc7 ) 25.Nd3 Ng7 26.Bxd7 {White has many tempting options and it's not easy to play in the most accurate way.} ( 26.Rhe1 {keeps the initiative after} 26...Bh7 27.Bxh7 Rxh7 28.c4 $1 {[%c_effect c4;square;c4;type;GreatFind;persistent;true]} ) 26...Kxd7 27.Ng4 {It's probably better to bring the rook to e1 or start advancing the queenside in order to create weaknesses in Black's position.} ( 27.Rhe1 ) ( 27.a4 ) 27...f6 ( 27...Kd6 $1 {[%c_effect d6;square;d6;type;GreatFind;persistent;true] is better.} ) 28.Nc5+ ( 28.a4 {This is the plan that White has to adopt sooner or later. Now is a good time to start.} ) 28...Kc8 29.Rhe1 Rh7 $2 {[%c_effect h7;square;h7;type;Mistake;persistent;true] This is a clear mistake. The knight should be attacked immediately.} ( 29...b6 $1 {[%c_effect b6;square;b6;type;GreatFind;persistent;true]} 30.Nd3 ( 30.Re7 {is not dangerous after} 30...Rf7 ) 30...Kd7 31.a4 Bh7 {with good chances of equalizing.} ) 30.Re2 $6 {[%c_effect e2;square;e2;type;Inaccuracy;persistent;true]} ( 30.a4 $1 {[%c_effect a4;square;a4;type;GreatFind;persistent;true] is more incisive. The idea is to push the pawn to a5, breaking up Black's position, since sooner or later he will need to play b7-b6 to expel the knight.} 30...b6 31.Nd3 {followed by a4-a5. If Black tries to avoid this with} 31...a5 {then} 32.b4 $1 {[%c_effect b4;square;b4;type;GreatFind;persistent;true] opening the queenside.} ) 30...b6 31.Nd3 Kd7 ( 31...Be6 $1 {[%c_effect e6;square;e6;type;GreatFind;persistent;true] is more stubborn.} 32.Rae1 Kd7 {with a defensible position.} ) 32.a4 $1 {[%c_effect a4;square;a4;type;GreatFind;persistent;true]} 32...a5 $2 {[%c_effect a5;square;a5;type;Mistake;persistent;true] The fatal mistake. There's no way to defend the queenside now.} ( 32...Kd6 33.a5 Nf5 {offers more chances of resistance.} ) 33.b4 $1 {[%c_effect b4;square;b4;type;GreatFind;persistent;true]} 33...axb4 34.Nxb4 {a4-a5 is coming and Black's king is very insecure. Black's pieces are poorly placed on the kingside. Vachier Lagrave achieves the type of position he loves so much, with initiative and an attack.} 34...c5 ( 34...Kd6 35.a5 bxa5 36.Rxa5 {and the attack persists.} ) 35.Nd3 ( 35.dxc5 {is also winning:} 35...bxc5 36.Na6 Kc6 37.Rb1 {Preparing to double rooks on the b-file or take the knight to b8.} ) 35...cxd4 36.cxd4 Ne6 37.Rb2 $1 {[%c_effect b2;square;b2;type;GreatFind;persistent;true]} 37...Nxd4 38.Rxb6 {All the white pieces are able to participate in the attack.} 38...Re7 39.Ra2 {A solid and practical choice for a rapid game, preventing the black rook from going to e2.} ( 39.a5 {is good enough, simply pushing the passed pawn.} ) ( 39.Nxf6+ $2 {[%c_effect f6;square;f6;type;Mistake;persistent;true] is wrong:} 39...Rxf6 $1 {[%c_effect f6;square;f6;type;GreatFind;persistent;true]} 40.Rxf6 Re2+ 41.Kg1 Ke7 $1 {[%c_effect e7;square;e7;type;GreatFind;persistent;true] Suddenly Black achieves counterplay.} ) 39...Be6 40.Ne3 Ra8 ( 40...Rc8 {creates more practical chances and requires precise play by White.} 41.a5 Nxf3 $5 {[%c_effect f3;square;f3;type;Interesting;persistent;true] A tricky idea.} 42.Kxf3 d4 43.Rxe6 $1 {[%c_effect e6;square;e6;type;GreatFind;persistent;true]} 43...Rxe6 ( 43...Kxe6 44.Nc2 ) 44.Nd5 $1 {[%c_effect d5;square;d5;type;GreatFind;persistent;true] with a winning advantage.} ) 41.a5 Ke8 42.a6 Kf7 43.Nc5 {Black has fallen into tremendous passivity. There is no longer any doubt about the final result.} 43...Raa7 44.Rd2 Rec7 45.Nb7 $1 {[%c_effect b7;square;b7;type;GreatFind;persistent;true] A nice way to finish the game. White wins material.} 45...Nc6 46.Rxc6 $1 {[%c_effect c6;square;c6;type;GreatFind;persistent;true]} 46...Rxc6 47.Nd8+ Kg7 48.Nxc6 Rxa6 49.Nd4 Bf7 50.g4 Kg6 51.Kg3 Ra3 52.Nef5 1-0